Hayat-e-Iqbal / (Record no. 525292)

000 -LEADER
fixed length control field 00431nam a22001697a 4500
003 - CONTROL NUMBER IDENTIFIER
control field NUST
038 ## - RECORD CONTENT LICENSOR
Staff Name waseem
082 ## - DEWEY DECIMAL CLASSIFICATION NUMBER
Classification number 891.431092
Author Mark ADB
245 ## - TITLE STATEMENT
Title Hayat-e-Iqbal /
260 ## - PUBLICATION, DISTRIBUTION, ETC.
Place of publication, distribution, etc. Lahore :
Name of publisher, distributor, etc. Muhammad Sohail Umer,
Date of publication, distribution, etc. 1999.
300 ## - PHYSICAL DESCRIPTION
Extent 62 p. ;
500 ## - GENERAL NOTE
General note Paperback.
710 ## - ADDED ENTRY--CORPORATE NAME
Corporate name or jurisdiction name as entry element Sobha-e-Adabiyat
9 (RLIN) 16029
880 ## - ALTERNATE GRAPHIC REPRESENTATION
Linkage 710-01\r
Title شعبہِ ادبیات
880 ## - ALTERNATE GRAPHIC REPRESENTATION
Linkage 245-02\r
Title حیاتِ اقبال /
942 ## - ADDED ENTRY ELEMENTS (KOHA)
Source of classification or shelving scheme
Koha item type Book
Holdings
Withdrawn status Lost status Source of classification or shelving scheme Damaged status Not for loan Permanent Location Current Location Shelving location Date acquired Total Checkouts Full call number Barcode Date last seen Price effective from Koha item type
          Central Library (CL) Central Library (CL) Urdu Literature 06/30/2019   891.431092 ADB CL-E-704 06/30/2019 06/30/2019 Book
© 2023 Central Library, National University of Sciences and Technology. All Rights Reserved.